000 00477nam a2200169 i 4500
001 bg
100 1 _aAKKERMAN, A. F.
245 0 _aRešenie metodom Monte-Karlo zadač perenosa bystrych elektronov v veščestve /
_cA.F. Akkerman, Ju.M. Nikitusew, W.A. Botwin.
260 _aAlma-Ata,
_c1972.
700 1 _aNIKITUSEV, Ju. M.
700 1 _aBOTVIN, V. A.
040 _cBPK
041 _apol
080 _a539.12
942 _cKS
008 s pl f |000 0 pol
999 _c14705
_d14705
856 _uhttp://koha.tu.koszalin.pl/cgi-bin/koha/opac-detail.pl?biblionumber=14705
_yKatalog online BPK